000 01120nam a2200325Ia 4500
001 Z_4613
003 CHAP
008 220113s1991 xx 000 0 und d
010 _a167688
040 _cCHAP
090 _aTesis G 965
100 _aGonzález Reyes, Norma Eustolia
_9141959
245 _aDiagnóstico del estado mineral (Cu Fe y Zn) de ovinos en el ex-lago de Texcoco /
_cpor Norma Eustolia González Reyes y Franco Francisco Arroyo Morales
260 _aMéxico, D. F. :
_bEl autor,
_c1991
300 _a36 h.
502 _aTesis (Médico Vet. Zootecnista) -- UNAM. Facultad de Estudios Superiores Cuautitlán
650 _aCobre en nutrición animal
_924191
650 _aGanado lanar
_x Nutrición
_945205
650 _aGanado lanar
_xMéxico (Edo.)
_945200
650 _aLago de Texcoco
_964410
650 _aMinerales en nutrición animal
_975937
650 _aZinc en nutrición animal 7 Hierro en nutrición animal
_9141960
700 _aArroyo Morales, Franco F.
_9141961
901 _aTESIS G 965
902 _aM
910 _a1991
942 _c2
942 _c2
999 _c167688
_d167688